00677nam a2200193 a 4500008004100000020001800041050001700059100002000076245013000096250001900226260005500245300003500300650002400335650001200359650003200371650004000403700001900443700002100462210223s2010 ||||||||||||||||| || u a9781559539845 aQA 154.3 Mur aMurdock, Jerald10aDiscovering advanced algebra : an investigative approach (Second edition)cBy Jerald Murdock; Ellen Kamischke; Eric Kamischke aSecond edition aEmeryville, CaliforniabKey Curriculum Pressc2010 axiv, 881 pages : illustrations aGRAPHIC CALCULATORS 0aALGEBRA aALGEBRA--STUDY AND TEACHING aALGEBRA--GRAPHIC METHODS--TEXTBOOKS aKamischke,Eric aKamischke, Ellen